{"text_format":"3","workbook":"xlsx","n_sheets":2,"sheets":["Feuille principale","CATÉGORIE"],"not_rendered":{"charts":1,"defined_names":2,"pivot_tables":1},"read":"whole","date_system":"1900"}

{"sheet":"Feuille principale","index":0,"n_rows":28,"n_cols":10,"rows_kept":28,"merged":[[0,1,3,13]]}
[null,"METTRE À JOUR LA LISTE D’ACHATS"]
[]
[]
[]
[]
[null,"Etiquetas de columna"]
[null,"ACHAT","LIVRAISON À DOMICILE","MARCHÉ LOCAL","AUTRE","LÉGUMES","Total général"]
["Sum of  TOTAL ",11.395,127.84,21.52,23.870000000000005,85.88000000000001,270.50500000000005]
[]
[null,"PRÊT?","ARTICLE","BOUTIQUE","CATÉGORIE","QTÉ.","PRIX UNITAIRE PAR","UNITÉ","TOTAL","NOTES"]
[null,"Oui","Pêches","Vignoble de coho","LÉGUMES",2,"kg",2.99,{"$f":"+H11*F11","v":5.98}]
[null,"Oui","Pommes","Vignoble de coho","MARCHÉ LOCAL",3,"kg",1.99,{"$f":"+H12*F12","v":5.97},"J’ai un coupon"]
[null,"Oui","Bananes","Importateurs du monde entier","MARCHÉ LOCAL",1,"botte",3.99,3.99]
[null,"non","Laitue","Marché","MARCHÉ LOCAL",2,"tête",2.29,4.58]
[null,"Oui","Tomates","Marché","LIVRAISON À DOMICILE",4,"kg",3.49,13.96]
[null,"Oui","Citrouille","Marché","MARCHÉ LOCAL",2,"unité",1.5,3]
[null,"non","Céleri","Importateurs du monde entier","MARCHÉ LOCAL",2,"botte",1.99,3.98]
[null,"Oui","Concombre","Marché","ACHAT",1,"kg",2.29,2.29]
[null,"Oui","Champignons","Importateurs du monde entier","ACHAT",0.5,"kg",2.25,1.125]
[null,"non","Lait","Producteur local","ACHAT",2,"litre",3.99,7.98]
[null,"Oui","Fromage","Producteur local","AUTRE",1,"kg",9.99,9.99,"Variété de fromages"]
[null,"Oui","Oeuf","Producteur local","AUTRE",2,"douzaine",3.5,7]
[null,"Oui","Fromage blanc","Producteur local","AUTRE",1,"1/2 kg",3.89,3.89]
[null,"non","Crème aigre","Producteur local","AUTRE",1,"1/4 kg",2.99,2.99]
[null,"Oui","Yaourt","Importateurs du monde entier","LIVRAISON À DOMICILE",1,"1/2 kg",4.99,4.99,"Grecque au miel"]
[null,"Oui","Veau","Marché fermier","LÉGUMES",10,"kg",7.99,79.9,"Bistecs à la panceta"]
[null,"non","Saumon","Lonja de pescado","LIVRAISON À DOMICILE",6,"kg",8.99,53.94]
[null,"Oui","Crabe","Lonja de pescado","LIVRAISON À DOMICILE",5,"kg",10.99,54.95]

{"sheet":"CATÉGORIE","index":1,"n_rows":6,"n_cols":1,"rows_kept":6}
["CATÉGORIE"]
["LÉGUMES"]
["ACHAT"]
["LIVRAISON À DOMICILE"]
["MARCHÉ LOCAL"]
["AUTRE"]